000 01085nam a22002657a 4500
005 20100813121229.0
010 _aHIN-90321
020 _a8180720586
_c150.00
035 _aHN-62667
037 _bDBAD / PUB
082 _a
100 _aतांती, देवेश
_912429
245 _aभला आदमी /
_cदेवेश तांती
246 _aBhala Aadmi
_bby Devesh Tanti
260 _aनई दिल्ली
_bबाल सभा प्रकाशन
_c2009
270 _aभूलभुल्लैयाँ रोड़, महरौली
_bनई दिल्ली
_e110030
_k011-26643982
300 _a112पृ
_c22सेमी (सजिल्द)
650 _bहिन्दी कथा साहित्य
_9657
650 _bHindi Katha Sahitya
_9658
700 _97228
700 _97267
700 _97698
942 _adpl
_cHN
_k
_2ddc
_mतांतीदे
_h
999 _c41551
_d41551